000 00743nam a22001937a 4500
005 20251108174601.0
008 250721s2008 xx 000 0 ara d
082 1 4 _a216.13/حمي
100 1 _aحميدان، زياد محمد
_eمؤلف
245 1 0 _aمناصب النبي صلى الله عليه و سلم و أثرها في التشريع ( الإفتاء و التشريع - القضاء - القيادة العسكرية ) /
264 1 _aعمان :
_bدار الأعلام،
_c2008.
300 _a264 ص.
650 1 7 _aالفقه الاسلامي
650 1 7 _aالسيره النبويه
650 1 7 _aالاستقصاا
650 1 7 _aالاجتهاد ( الفقه الاسلامي )
942 _2ddc
_cBK
999 _c112846
_d112846